[Event "Sitges op 27th"]
[Site "Sitges"]
[Date "2001.??.??"]
[Round "7"]
[White "Calaf Rellver, Guifre"]
[Black "Hoffmann, Michael"]
[Result "1-0"]
[WhiteElo "2227"]
[BlackElo "2454"]
[PlyCount "79"]
[EventDate "2001.??.??"]
[EventType "swiss"]
[EventRounds "9"]
[EventCountry "ESP"]
[SourceTitle "EXT 2002"]
[Source "ChessBase"]
[SourceDate "2001.11.25"]
[SourceVersion "1"]
[SourceVersionDate "2001.11.25"]
[SourceQuality "1"]

1. e4 c6 2. d4 d5 3. exd5 cxd5 4. c4 Nf6 5. Nc3 e6 6. Nf3 Bb4 7. cxd5 Nxd5 8. Qc2 Nc6 9. Bd3 Ba5 10. a3 Nxc3 11. bxc3 Nxd4 12. Nxd4 Qxd4 13. Bb5+ Bd7 14. 0-0 Qe5 15. Bxd7+ Kxd7 16. Qa4+ Ke7 17. Bf4 Qf6 18. Be3 b6 19. c4 Rhd8 20. c5 Kf8 21. Rac1 Rac8 22. c6 Rd5 23. Rfd1 Qd8 24. Rxd5 Qxd5 25. h3 f6 26. c7 Qd6 27. Rc6 Qd7 28. Bf4 b5 29. Qxb5 Bb6 30. Bd6+ Ke8 31. Qc4 Kf7 32. a4 h5 33. Qc3 e5 34. a5 Bd4 35. Qf3 Kg6 36. Qg3+ Kf7 37. Qb3+ Qe6 38. Qc2 Qd5 39. Bb4 Qd7 40. Qc4+ 1-0

[Event "Sant Boi op-A"]
[Site "Sant Boi de Llobregat"]
[Date "2000.06.16"]
[Round "6"]
[White "Ribera Nebot, Joan"]
[Black "Calaf Rellver, Guifre"]
[Result "0-1"]
[WhiteElo "2135"]
[BlackElo "2244"]
[PlyCount "64"]
[EventDate "2000.05.12"]
[EventType "swiss"]
[EventRounds "7"]
[EventCountry "ESP"]
[SourceTitle "EXT 2003"]
[Source "ChessBase"]
[SourceDate "2002.11.25"]
[SourceVersion "1"]
[SourceVersionDate "2002.11.25"]
[SourceQuality "1"]

1. c4 Nf6 2. Nf3 g6 3. b3 Bg7 4. Bb2 0-0 5. g3 d6 6. Bg2 Nc6 7. 0-0 e5 8. d3 h6 9. Nc3 Be6 10. h3 Qd7 11. Kh2 a6 12. a3 a5 13. e4 Nh7 14. Qc2 f5 15. Nd5 g5 16. exf5 Rxf5 17. Ne3 Rf7 18. Nd2 Raf8 19. Ne4 Nd4 20. Bxd4 exd4 21. Nd1 Be5 22. Qe2 c6 23. b4 Nf6 24. Nb2 Nxe4 25. Bxe4 Bxh3 26. Bg2 Bg4 27. f3 Re7 28. Qd2 Bh5 29. Rae1 Ref7 30. Bh3 Bxg3+ 31. Kg2 Bxe1 32. Qxe1 g4 0-1

[Event "Sant Boi op-A"]
[Site "Sant Boi de Llobregat"]
[Date "2000.06.02"]
[Round "4"]
[White "Langa Ramiro, Ricardo"]
[Black "Calaf Rellver, Guifre"]
[Result "1-0"]
[WhiteElo "2150"]
[BlackElo "2305"]
[PlyCount "67"]
[EventDate "2000.05.12"]
[EventType "swiss"]
[EventRounds "7"]
[EventCountry "ESP"]
[SourceTitle "EXT 2003"]
[Source "ChessBase"]
[SourceDate "2002.11.25"]
[SourceVersion "1"]
[SourceVersionDate "2002.11.25"]
[SourceQuality "1"]

1. d4 Nf6 2. Nf3 g6 3. c4 Bg7 4. Nc3 c5 5. d5 0-0 6. e4 d6 7. Be2 e6 8. 0-0 a6 9. a4 exd5 10. cxd5 Bg4 11. h3 Bxf3 12. Bxf3 Nbd7 13. Bf4 Qc7 14. Qc2 Rfe8 15. Be2 c4 16. Kh1 Nc5 17. f3 Nh5 18. Bh2 Nb3 19. Rad1 Nd4 20. Qb1 g5 21. Qc1 Qe7 22. g4 Nf4 23. Bxf4 gxf4 24. Qxf4 Qh4 25. Qh2 Be5 26. Qg2 Nc2 27. f4 Bxc3 28. bxc3 Ne3 29. Qf3 Nxf1 30. Rxf1 b5 31. g5 f6 32. Rg1 Rxe4 33. gxf6+ Kf8 34. Qg2 1-0

[Event "Sant Boi op-A"]
[Site "Sant Boi de Llobregat"]
[Date "2000.05.26"]
[Round "3"]
[White "Calaf Rellver, Guifre"]
[Black "Gual Pascual, Antonio"]
[Result "0-1"]
[WhiteElo "2305"]
[BlackElo "2495"]
[PlyCount "81"]
[EventDate "2000.05.12"]
[EventType "swiss"]
[EventRounds "7"]
[EventCountry "ESP"]
[SourceTitle "EXT 2003"]
[Source "ChessBase"]
[SourceDate "2002.11.25"]
[SourceVersion "1"]
[SourceVersionDate "2002.11.25"]
[SourceQuality "1"]

1. e4 c5 2. Nf3 d6 3. d4 cxd4 4. Nxd4 Nf6 5. Nc3 a6 6. Bc4 e6 7. Bb3 b5 8. 0-0 Be7 9. Qf3 Qb6 10. Be3 Qc7 11. Qg3 b4 12. Na4 Nbd7 13. f3 0-0 14. Rfd1 Ne5 15. Nb6 Nh5 16. Qh3 Nf4 17. Bxf4 Qxb6 18. Be3 Qc7 19. c4 a5 20. Nb5 Qc6 21. Nd4 Qb7 22. f4 Nc6 23. Nb5 e5 24. f5 a4 25. Bc2 b3 26. axb3 axb3 27. Bxb3 Na5 28. Bc2 Nxc4 29. Rxa8 Qxa8 30. Nc7 Qb8 31. Nd5 Bd8 32. b3 Na3 33. Rc1 Bb7 34. f6 Bxd5 35. fxg7 Re8 36. exd5 Nxc2 37. Rxc2 Qxb3 38. Rc8 f5 39. Qh5 Qxe3+ 40. Kf1 Qd3+ 41. Kf2 0-1

[Event "Dos Hermanas op"]
[Site "Dos Hermanas"]
[Date "2000.04.15"]
[Round "9"]
[White "Kovacevic, Slobodan"]
[Black "Calaf Rellver, Guifre"]
[Result "1-0"]
[WhiteElo "2415"]
[BlackElo "2244"]
[PlyCount "119"]
[EventDate "2000.04.??"]
[EventType "swiss"]
[EventRounds "9"]
[EventCountry "ESP"]
[SourceTitle "CBM 075 Extra"]
[Source "ChessBase"]
[SourceDate "2000.05.11"]
[SourceVersion "2"]
[SourceVersionDate "2000.05.11"]
[SourceQuality "1"]

1. d4 Nf6 2. Nf3 g6 3. c3 Bg7 4. Bg5 0-0 5. Nbd2 d6 6. e4 Nbd7 7. Qc2 e5 8. dxe5 dxe5 9. Be2 b6 10. 0-0 Bb7 11. b4 h6 12. Bh4 g5 13. Bg3 Nh5 14. Rfd1 Qe7 15. Nc4 Nf4 16. Bf1 Nf6 17. Nfd2 Ne8 18. f3 Nd6 19. Ne3 a5 20. a3 f5 21. Nxf5 Nxf5 22. exf5 Bc8 23. Bd3 Nxd3 24. Qxd3 Bxf5 25. Ne4 Kh8 26. Qe2 Qe6 27. h3 Qc6 28. b5 Qe6 29. a4 Rad8 30. Kh2 Qb3 31. Rdb1 Qe6 32. Re1 Qb3 33. Reb1 Qe6 34. Rb2 Rd7 35. Rd1 Rfd8 36. Rbd2 Kh7 37. Rxd7 Rxd7 38. Rxd7 Qxd7 39. Bf2 Kh8 40. c4 Be6 41. c5 Bb3 42. cxb6 cxb6 43. Bxb6 Bxa4 44. Nc3 Bb3 45. Bxa5 Qa7 46. Bb4 Qd4 47. Qe4 Bc2 48. Qxc2 Qxb4 49. Qd3 e4 50. Nxe4 Be5+ 51. g3 Qb2+ 52. Kh1 Qc1+ 53. Kg2 Qb2+ 54. Qd2 Qxb5 55. h4 gxh4 56. Qxh6+ Kg8 57. Qg5+ Kf8 58. Qd8+ Kg7 59. Qxh4 Qe2+ 60. Kh3 1-0

[Event "Montcada op"]
[Site "Montcada"]
[Date "1999.??.??"]
[Round "9"]
[White "Calaf Rellver, Guifre"]
[Black "Dominguez Gonzalez, Isaac"]
[Result "0-1"]
[WhiteElo "2250"]
[BlackElo "2238"]
[PlyCount "52"]
[EventDate "1999.??.??"]
[EventType "swiss"]
[EventRounds "9"]
[EventCountry "ESP"]
[SourceTitle "EXT 2002"]
[Source "ChessBase"]
[SourceDate "2001.11.25"]
[SourceVersion "1"]
[SourceVersionDate "2001.11.25"]
[SourceQuality "1"]

1. e4 c6 2. d4 d5 3. exd5 cxd5 4. c4 Nf6 5. Nc3 Nc6 6. Bg5 Be6 7. Nge2 Qa5 8. Nf4 0-0-0 9. Bxf6 exf6 10. c5 Bxc5 11. Bd3 Bxd4 12. 0-0 Be5 13. Nfe2 f5 14. a3 Kb8 15. b4 Qc7 16. Nb5 Qd7 17. Rc1 d4 18. f4 Bf6 19. a4 Rc8 20. Qd2 Bd5 21. Na3 Be4 22. Bb5 Rhe8 23. Nc4 Qe7 24. Bxc6 Rxc6 25. b5 Rcc8 26. a5 Qe6 0-1

[Event "Montcada op"]
[Site "Montcada"]
[Date "1999.??.??"]
[Round "7"]
[White "Calaf Rellver, Guifre"]
[Black "Gonzalez Velez, Fermin"]
[Result "0-1"]
[WhiteElo "2250"]
[BlackElo "2344"]
[PlyCount "84"]
[EventDate "1999.??.??"]
[EventType "swiss"]
[EventRounds "9"]
[EventCountry "ESP"]
[SourceTitle "EXT 2002"]
[Source "ChessBase"]
[SourceDate "2001.11.25"]
[SourceVersion "1"]
[SourceVersionDate "2001.11.25"]
[SourceQuality "1"]

1. e4 d6 2. d4 g6 3. Nc3 Bg7 4. f4 Nf6 5. Nf3 0-0 6. Bd3 Na6 7. 0-0 c5 8. d5 Bg4 9. Qe2 Nc7 10. h3 Bxf3 11. Qxf3 a6 12. a4 e6 13. dxe6 fxe6 14. Be3 Nd7 15. Qg4 Qe7 16. Bc4 Kh8 17. Rfd1 d5 18. exd5 exd5 19. Bf2 Nf6 20. Qe2 Qxe2 21. Bxe2 d4 22. Na2 Ne4 23. Be1 Rxf4 24. Bf3 Re8 25. Nc1 Rf7 26. Nd3 c4 27. Nf2 Ng5 28. Bxb7 Rb8 29. Ne4 Nxe4 30. Bxe4 Re7 31. Bf3 Rxb2 32. Bh4 Rf7 33. Rab1 c3 34. Rxb2 cxb2 35. Rb1 d3 36. cxd3 Rf4 37. Bf2 Rxa4 38. d4 Ra1 39. Be4 Rxb1+ 40. Bxb1 Nb5 41. d5 Be5 42. Bc5 Nc3 0-1

[Event "Castellar op"]
[Site "Castellar"]
[Date "1999.??.??"]
[Round "3"]
[White "Vidarte Morales, Arturo"]
[Black "Calaf Rellver, Guifre"]
[Result "1-0"]
[WhiteElo "2424"]
[BlackElo "2250"]
[PlyCount "67"]
[EventDate "1999.11.??"]
[EventType "swiss"]
[EventRounds "9"]
[EventCountry "ESP"]
[SourceTitle "CBM 073 Extra"]
[Source "ChessBase"]
[SourceDate "2000.01.11"]
[SourceVersion "1"]
[SourceVersionDate "2000.01.11"]
[SourceQuality "1"]

1. c4 Nf6 2. Nc3 g6 3. d4 Bg7 4. e4 0-0 5. f3 d6 6. Bg5 a6 7. Qd2 Nbd7 8. Nh3 c5 9. d5 b5 10. cxb5 Qa5 11. Nf2 Nb6 12. a4 axb5 13. Bxb5 Ba6 14. 0-0 Bxb5 15. axb5 Qxa1 16. Rxa1 Rxa1+ 17. Nfd1 h6 18. Bxh6 Nc4 19. Qe2 Bxh6 20. Qxc4 Nd7 21. Kf2 Nb6 22. Qe2 Bg7 23. Kg3 Rb8 24. f4 Bd4 25. e5 Kf8 26. h4 Na4 27. h5 Nxb2 28. hxg6 fxg6 29. Qxb2 Rxd1 30. Qc2 Bxc3 31. Qxd1 Rxb5 32. Qd3 Rb3 33. Kg4 Kg7 34. Kg5 1-0

[Event "Terrassa op"]
[Site "Terrassa"]
[Date "1996.??.??"]
[Round "2"]
[White "Calaf Rellver, Guifre"]
[Black "Soto Balastegui, Victor"]
[Result "1-0"]
[WhiteElo "2165"]
[BlackElo "2065"]
[PlyCount "51"]
[EventDate "1996.07.??"]
[EventType "swiss"]
[EventRounds "9"]
[EventCountry "ESP"]
[SourceTitle "EXT 2002"]
[Source "ChessBase"]
[SourceDate "2001.11.25"]
[SourceVersion "1"]
[SourceVersionDate "2001.11.25"]
[SourceQuality "1"]

1. e4 g6 2. d4 d6 3. Nc3 c6 4. f4 Qc7 5. Nf3 Nd7 6. Bc4 Nb6 7. Bb3 Nh6 8. 0-0 Bd7 9. a4 Bg7 10. a5 Nc8 11. Qe1 e6 12. f5 gxf5 13. Qg3 Rg8 14. Qh4 Ng4 15. exf5 c5 16. fxe6 Bxe6 17. Ba4+ Kf8 18. Ng5 Bxd4+ 19. Kh1 Rxg5 20. Bxg5 d5 21. Rae1 Kg8 22. Nxd5 Qxa5 23. Rxe6 Nf2+ 24. Rxf2 fxe6 25. Bd2 Bxf2 26. Qg5+ 1-0

[Event "Terrassa op"]
[Site "Terrassa"]
[Date "1996.??.??"]
[Round "9"]
[White "Diaz Rubi, Felipe"]
[Black "Calaf Rellver, Guifre"]
[Result "0-1"]
[WhiteElo "2085"]
[BlackElo "2165"]
[PlyCount "104"]
[EventDate "1996.07.??"]
[EventType "swiss"]
[EventRounds "9"]
[EventCountry "ESP"]
[SourceTitle "EXT 2002"]
[Source "ChessBase"]
[SourceDate "2001.11.25"]
[SourceVersion "1"]
[SourceVersionDate "2001.11.25"]
[SourceQuality "1"]

1. d4 Nf6 2. Nf3 g6 3. c4 Bg7 4. Nc3 0-0 5. e4 d6 6. Be2 e5 7. 0-0 Nc6 8. d5 Ne7 9. Nd2 a5 10. Rb1 Bd7 11. b3 c6 12. a3 b5 13. cxb5 cxd5 14. Nxd5 Nexd5 15. exd5 Nxd5 16. Bb2 Nf4 17. Bf3 d5 18. a4 Bf5 19. Ra1 Nd3 20. Ba3 Re8 21. Ra2 e4 22. Bg4 Bxg4 23. Qxg4 f5 24. Qe2 Nf4 25. Qd1 Qg5 26. g3 Nd3 27. h4 Qd8 28. Nf3 Qb6 29. Ng5 h6 30. Nh3 Be5 31. Kg2 Qb7 32. Bc1 Kg7 33. Be3 d4 34. Bf4 Bxf4 35. Nxf4 Nxf4+ 36. gxf4 d3 37. Kh3 Qc7 38. Qd2 Rac8 39. Rg1 h5 40. b4 axb4 41. Rb1 Qb6 42. Qxb4 e3 43. a5 Qe6 44. Qd4+ Kh6 45. Raa1 Rc2 46. Qxd3 Rxf2 47. Kg3 Rd2 48. Qc3 Qe4 49. Rg1 Rf2 50. Kh3 Rf3+ 51. Rg3 Qxf4 52. Rag1 Qg4+ 0-1

[Event "Terrassa op"]
[Site "Terrassa"]
[Date "1996.??.??"]
[Round "5"]
[White "Zvjaginsev, Vadim"]
[Black "Calaf Rellver, Guifre"]
[Result "1-0"]
[WhiteElo "2590"]
[BlackElo "2165"]
[PlyCount "127"]
[EventDate "1996.07.??"]
[EventType "swiss"]
[EventRounds "9"]
[EventCountry "ESP"]
[SourceTitle "EXT 2002"]
[Source "ChessBase"]
[SourceDate "2001.11.25"]
[SourceVersion "1"]
[SourceVersionDate "2001.11.25"]
[SourceQuality "1"]

1. e4 c5 2. Nf3 d6 3. d4 cxd4 4. Nxd4 Nf6 5. f3 e5 6. Nb3 Be6 7. c4 Nbd7 8. Be3 Be7 9. Nc3 a6 10. Be2 0-0 11. 0-0 Rc8 12. Nd5 Bxd5 13. cxd5 Ne8 14. Qd2 h6 15. Na5 Rc7 16. b4 Bg5 17. Rac1 Rxc1 18. Qxc1 Bxe3+ 19. Qxe3 Qb8 20. Rc1 Nc7 21. Rc2 Rc8 22. Qc1 Nb6 23. Nc4 Nca8 24. Ne3 Rxc2 25. Qxc2 Qc7 26. Bd1 Qxc2 27. Bxc2 g6 28. a4 Kf8 29. g3 Nc7 30. Kg2 Ke7 31. h4 h5 32. g4 hxg4 33. fxg4 Kf6 34. Kg3 Ne8 35. Kf3 Nc7 36. Ke2 Kg7 37. Kd3 Kf6 38. Kc3 Kg7 39. Kb3 Kf6 40. Bd3 Kg7 41. Be2 Ne8 42. a5 Nc8 43. b5 axb5 44. Bxb5 Nf6 45. Bd3 Nd7 46. Kb4 Nc5 47. Bc2 Kf6 48. Nc4 Na6+ 49. Kc3 Nc5 50. Kd2 Kg7 51. Ke3 Kf6 52. Bd1 Na6 53. Be2 Nc7 54. Bf1 Na6 55. Bh3 g5 56. h5 Nc7 57. Bf1 Na8 58. Na3 Nc7 59. Bb5 Na7 60. Bd7 Na6 61. Nc4 Nc5 62. Bf5 Nb5 63. h6 Na6 64. Nb6 1-0